[Event "RUS-ch Men Rapid 2019"]
[Site "Sochi"]
[Date "2019.10.16"]
[Round "8.26"]
[White "Belozerov, Andrei"]
[Black "Papenin, Nikolai"]
[Result "1-0"]
[WhiteElo "2515"]
[BlackElo "2295"]
[Annotator "TA"]
[PlyCount "81"]
[EventDate "2019.10.15"]
[EventType "swiss"]
[EventCountry "RUS"]
[SourceTitle "playchess.com"]
[Source "ChessBase"]
[SourceQuality "1"]

{[%evp 23,81,21,15,27,16,25,16,16,25,18,20,9,24,14,24,16,165,177,181,199,163,154,190,207,227,201,186,197,202,201,187,194,181,189,248,230,197,220,272,277,298,348,295,272,466,431,928,1099,1442,1483,1107,1460,1422,1370,1587,1552,1306,1170,4770,2275]} 1. e4 c5 2. Nf3 d6 3. d4 cxd4 4. Nxd4 Nf6 5. Nc3 a6 6. f3 e5 7. Nb3 Be7 ({Predecessor:} 7... Be6 8. Be3 {1-0 (56) Abrahamyan,T (2342)-Yu,J (2157) Saint Louis 2016}) 8. Be3 Be6 9. Qd2 O-O 10. O-O-O Nbd7 11. g4 b5 12. g5 b4 13. gxf6 $146 {B90: Sicilian Najdorf: Unusual White 6th moves, 6 Be3 Ng4 and 6 Be3 e5} (13. Ne2 Nh5 14. Ng3 Nf4 15. h4 a5 16. Kb1 a4 17. Nc1 b3 18. cxb3 axb3 19. a3 Qc7 20. Bxf4 exf4 {1-0 (49) Dominguez Perez,L (2763)-Vachier Lagrave,M (2778) Saint Louis 2019}) 13... bxc3 14. Qxc3 Nxf6 15. Na5 {The position is equal.} Rc8 {[%cal Ba8c8,Bc8c6,Bc6d6,Bd6d1][%mdl 32]} 16. Nc6 Qd7 17. Nxe7+ Qxe7 18. Qa5 Rc6 19. Kb1 d5 (19... Rfc8 $11 {and Black stays safe.}) 20. exd5 $18 Nxd5 21. Rxd5 Bxd5 22. Qxd5 Rd6 23. Qe4 {Strongly threatening Bd3.} Rd1+ 24. Bc1 {Black must now prevent Bd3.} Qg5 {[%csl Gg5][%cal Rd1c1] [#]} 25. f4 $1 Qxf4 (25... exf4 26. Bd3) 26. Qxf4 exf4 27. Bg2 Rxh1 28. Bxh1 Re8 {[#]} (28... g5 $142 29. Bb7 a5) 29. Bd5 $1 g5 30. c4 Kg7 31. b4 Kf6 32. a4 {[%cal Ba2a4,Ba4b5,Bb5b6][%mdl 32]} Ke5 33. Kc2 ({Inferior is} 33. Bxf7 f3 $11) 33... g4 $2 (33... Kd6 34. b5 axb5) 34. Kd3 {White is clearly winning.} f3 (34... Rg8 $142 35. Bb2+ (35. Bxf7 Rf8 $16) 35... Kf5 36. Bxf7 Rd8+ 37. Bd4 g3 38. hxg3 fxg3) 35. Be3 f5 36. b5 axb5 37. axb5 f4 38. Bf2 h5 39. b6 Kd6 40. Be4 Rb8 41. c5+ {Accuracy: White = 100%, Black = 43%.} 1-0

[Event "RUS-ch Men Rapid 2019"]
[Site "Sochi"]
[Date "2019.10.16"]
[Round "8.27"]
[White "Gurvich, Vitaly"]
[Black "Belyakov, Bogdan"]
[Result "1/2-1/2"]
[WhiteElo "2278"]
[BlackElo "2495"]
[Annotator "ChessBase"]
[PlyCount "113"]
[EventDate "2019.10.15"]
[EventType "swiss"]
[EventCountry "RUS"]
[SourceTitle "playchess.com"]
[Source "ChessBase"]
[SourceQuality "1"]
[TimeControl "900+10"]

1. c4 Nf6 2. Nc3 g6 3. e4 d6 4. d4 Bg7 5. Be2 O-O 6. Bg5 h6 7. Be3 c5 8. d5 e6 9. Qd2 exd5 10. exd5 Qb6 11. Nf3 Ng4 12. Bf4 g5 13. h3 Nxf2 14. Kxf2 gxf4 15. Rab1 Bf5 16. Bd3 Bxd3 17. Qxd3 Nd7 18. Qf5 Ne5 19. Nxe5 Bxe5 20. Ne4 Qd8 21. h4 Qe7 22. Rbe1 Rae8 23. b3 b6 24. g4 fxg3+ 25. Kg2 f6 26. Rhf1 Qh7 27. h5 Qxf5 28. Rxf5 Kg7 29. Kf3 Rg8 30. Re2 Kh8 31. Rg2 Ref8 32. Ke2 Rf7 33. Kf3 Rfg7 34. Ke3 Rg4 35. Nxf6 R4g5 36. Nxg8 Rxf5 37. Nxh6 Rxh5 38. Nf7+ Kg7 39. Nxe5 Rxe5+ 40. Kf4 Kf7 41. Rxg3 Re2 42. a4 Kf6 43. Rh3 Rf2+ 44. Ke4 Rb2 45. Rh6+ Ke7 46. Rh7+ Kd8 47. Kf5 Re2 48. Rxa7 Kc8 49. Kf6 Re3 50. Re7 Rh3 51. Rg7 Re3 52. Rh7 Re2 53. Re7 Rh2 54. Re6 Kd7 55. Re7+ Kc8 56. Rg7 Re2 57. Re7 1/2-1/2

[Event "RUS-ch Men Rapid 2019"]
[Site "Sochi"]
[Date "2019.10.16"]
[Round "8.28"]
[White "Goryachkina, Aleksandra"]
[Black "Mnatsakanian, Arsen"]
[Result "0-1"]
[WhiteElo "2575"]
[BlackElo "2138"]
[Annotator "TA"]
[PlyCount "130"]
[EventDate "2019.10.15"]
[EventType "swiss"]
[EventCountry "RUS"]
[SourceTitle "playchess.com"]
[Source "ChessBase"]
[SourceQuality "1"]

{[%evp 19,130,18,47,13,16,-3,14,0,6,0,0,3,33,4,18,0,0,-6,-17,-22,7,16,44,66,68,22,10,-67,-52,-152,-139,-162,-110,-135,-41,-71,10,9,0,-59,-61,-68,-75,-102,-90,-134,-124,-214,-77,-47,-60,-124,-10,-10,0,-249,-248,-208,-77,-104,-19,-38,-14,-43,0,0,0,0,0,-116,-116,-169,-150,-291,-291,-291,-291,-392,-467,-445,-445,-650,-604,-791,-801,-797,-745,-441,-704,-695,-646,-651,-597,-782,-766,-751,-670,-731,-702,-1265,-1101,-1479,-1445,-5072,-665,-854,-804,-29970,-29973,-29974,-29976,-29975,-29975]} 1. d4 Nf6 2. c4 c5 3. Nf3 cxd4 4. Nxd4 Nc6 5. Nc3 g6 6. e4 Nxd4 7. Qxd4 Bg7 8. Be2 O-O 9. O-O d6 10. Bg5 h6 11. Bxf6 {B36: Sicilian: Maroczy Bind: Gurgenidze System} (11. Bd2 {with more complications.} Bd7 12. Qe3 a6 13. Rfd1 Ng4 14. Qg3) (11. Bd2 Be6 12. Qd3 Nd7 13. b3 Nc5 14. Qe3 Bd7 15. Rad1 a5 16. f4 Bc6 17. e5 Nd7 18. exd6 exd6 {1-0 (32) Robson,R (2596)-Belous,V (2522) Moscow 2012}) 11... Bxf6 12. Qd2 Bg7 13. Rfd1 $146 {The position is equal.} ({Predecessor:} 13. Rad1 Be6 14. b3 a5 15. Qe3 Qc7 16. Nb5 Qc8 17. Rc1 Qc5 18. Qxc5 dxc5 {1-0 (57) Abdumalik,Z (2193)-Ibrahimova,S (2091) Athens 2012}) 13... Be6 14. Rac1 Rc8 15. b3 a6 16. h3 Qb6 17. Bg4 h5 18. Bxe6 fxe6 19. Rc2 Be5 20. Na4 Qa7 {[#]} 21. c5 $1 {[%mdl 512]} Bf4 (21... dxc5 22. Qg5) 22. Qa5 dxc5 23. Rd7 (23. g3 $11 Bd6 24. Qc3) 23... Qb8 $15 24. Qb6 (24. Qc3 $15) 24... Qe5 $17 {( -> ...Qa1+)} 25. Nc3 Qf6 (25... c4 $19 26. Rxb7 Rcd8) 26. Qxb7 Be5 (26... c4 $17 {Hoping for ...Bd6.} 27. b4 Be5) 27. Nd1 Qf4 ({Better is} 27... Bd6 $1 $17 28. Qxa6 c4 29. Rxc4 Ra8) 28. Qxa6 $11 Bd6 29. Rxd6 ({White should try} 29. g3 $11 Qxe4 30. Qc4 Qe1+ 31. Qf1) 29... exd6 $15 30. Qc4 Qe5 31. Ne3 Rb8 32. a3 Kg7 33. Rd2 (33. Nf1 $17) 33... Ra8 (33... Rf4 $1 $19 34. f3 d5 $1 {[%mdl 512]} 35. Qxc5 Rxb3) 34. a4 $17 Rab8 35. Qd3 {[#]} (35. Qc2 $1 $15) 35... Rfd8 (35... d5 $1 $17 {[%mdl 512]} 36. exd5 exd5) 36. Nc4 $11 Qf6 {aiming for ...d5.} 37. a5 $2 (37. Nxd6 $11 {and White stays safe.} Qe5 38. g3) 37... d5 $1 $19 {[%cal Rd5c4]} 38. exd5 Rxd5 (38... exd5 $19 {has better winning chances.} 39. Nb6 c4 $1 {[%mdl 512]}) 39. Qe3 {[#]} Rxd2 (39... Rbd8 $1 $17 40. a6 Qa1+ 41. Kh2 Qxa6) 40. Nxd2 $17 {[%mdl 4096] Endgame KQR-KQN} Rd8 $36 {[%mdl 2048] Black is more active.} 41. Nf3 Qf5 42. a6 Rd1+ 43. Kh2 Ra1 44. Qc3+ (44. g4 $11 Qf8 45. Qe5+ Qf6 46. Qc7+ Qf7 47. Qe5+ Qf6 48. Qc7+ Qf7 49. Qe5+ Qf6) 44... Qf6 45. Qc4 (45. Qe3 $17 {might work better.}) 45... e5 $19 46. a7 (46. Qe2 $17 {is a better defense.}) 46... Qf4+ ({But not} 46... Rxa7 47. Qe2 $19) 47. Qxf4 exf4 {KR-KN} 48. Ne5 Rxa7 49. Nd3 Ra5 50. Nxf4 (50. f3 $142 Kf6 51. h4) 50... Rb5 51. f3 Kf6 52. Nd3 Ke7 53. Kg3 Kd6 54. Nc1 Rb4 55. Kf2 h4 56. Ke3 Kd5 57. Kd2 Rb8 58. Kc3 Re8 59. Nd3 g5 60. Kd2 Kd4 61. Nc1 Ra8 (61... Re3 $142 62. Kd1 Kc3 63. Na2+ Kb2) 62. Ne2+ Ke5 63. Ke3 Ra3 {Black mates.} 64. Nc1 c4 65. Kd2 Rxb3 {Accuracy: White = 27%, Black = 49%.} 0-1

[Event "RUS-ch Men Rapid 2019"]
[Site "Sochi"]
[Date "2019.10.16"]
[Round "8.29"]
[White "Gaydym, Arseniy"]
[Black "Airapetian, Gor"]
[Result "1-0"]
[WhiteElo "2139"]
[BlackElo "2436"]
[Annotator "NA"]
[PlyCount "43"]
[EventDate "2019.10.15"]
[EventType "swiss"]
[EventCountry "RUS"]
[SourceTitle "playchess.com"]
[Source "ChessBase"]
[SourceQuality "1"]
[TimeControl "900+10"]

1. e4 {[%emt 0:00:00]} c6 {[%emt 0:00:00]} 2. d4 {[%emt 0:00:00]} d5 {[%emt 0:00:00]} 3. e5 {[%emt 0:00:02]} Bf5 {[%emt 0:00:00]} 4. h4 {[%emt 0:00:03]} h5 {[%emt 0:00:00]} 5. Bd3 {[%emt 0:00:06]} Bxd3 {[%emt 0:00:37]} 6. Qxd3 {[%emt 0:00:03]} e6 {[%emt 0:00:06]} 7. Bg5 {[%emt 0:01:08]} Qb6 {[%emt 0:00:37]} 8. Nd2 {[%emt 0:01:26]} Ne7 {[%emt 0:00:02]} 9. Ngf3 {[%emt 0:00:56]} Nd7 {[%emt 0:01:51]} 10. O-O {[%emt 0:00:23]} Nf5 {[%emt 0:02:16]} 11. Rfe1 {[%emt 0:02:34]} Qb5 {[%emt 0:01:44]} 12. c4 {[%emt 0:02:21]} dxc4 {[%emt 0:02:15]} 13. Nxc4 {[%emt 0:00:29]} Nb6 {[%emt 0:00:02]} 14. b3 {[%emt 0:00:30]} Bb4 {[%emt 0:01:18]} 15. Red1 {[%emt 0:01:04]} Nd5 {[%emt 0:01:20]} 16. a3 {[%emt 0:00:48]} Bf8 {[%emt 0:02:59]} 17. Qc2 {[%emt 0:02:10]} Be7 {[%emt 0:02:10]} 18. a4 {[%emt 0:00:52]} Qa6 {[%emt 0:00:01]} 19. Bxe7 {[%emt 0:01:02]} Ndxe7 {[%emt 0:00:03]} 20. Ng5 {[%emt 0:00:30]} Rd8 {[%emt 0:00:39]} 21. Ne4 {[%emt 0:01:25]} Kf8 {[%emt 0:00:16]} 22. Nc5 {[%emt 0:00:16]} 1-0

[Event "RUS-ch Men Rapid 2019"]
[Site "Sochi"]
[Date "2019.10.16"]
[Round "8.30"]
[White "Korchmar, Vasiliy"]
[Black "Klimentov, Evgeny"]
[Result "1-0"]
[WhiteElo "2434"]
[BlackElo "2180"]
[Annotator "NA"]
[PlyCount "49"]
[EventDate "2019.10.15"]
[EventType "swiss"]
[EventCountry "RUS"]
[SourceTitle "playchess.com"]
[Source "ChessBase"]
[SourceQuality "1"]
[TimeControl "900+10"]

1. d4 {[%emt 0:00:00]} Nf6 {[%emt 0:00:00]} 2. c4 {[%emt 0:00:00]} e6 {[%emt 0:00:00]} 3. g3 {[%emt 0:00:00]} c5 {[%emt 0:00:07]} 4. d5 {[%emt 0:00:00]} exd5 {[%emt 0:00:02]} 5. cxd5 {[%emt 0:00:00]} b5 {[%emt 0:00:02]} 6. Nf3 {[%emt 0:00:32]} d6 {[%emt 0:00:39]} 7. e4 {[%emt 0:00:08]} Nxe4 {[%emt 0:00:46]} 8. Bxb5+ {[%emt 0:00:03]} Bd7 {[%emt 0:00:02]} 9. Bxd7+ {[%emt 0:00:59]} Nxd7 {[%emt 0:00:02]} 10. Qe2 {[%emt 0:00:19]} Ndf6 {[%emt 0:00:19]} 11. Nh4 {[%emt 0:05:05]} Kd7 {[%emt 0:04:08]} 12. Qb5+ {[%emt 0:02:31]} Kc8 {[%emt 0:00:02]} 13. f3 {[%emt 0:00:02]} Qe7 {[%emt 0:02:53]} 14. O-O {[%emt 0:00:02]} Qe5 {[%emt 0:00:07]} 15. Qc6+ {[%emt 0:01:39]} Kb8 {[%emt 0:00:02]} 16. fxe4 {[%emt 0:00:01]} Qd4+ {[%emt 0:00:01]} 17. Kg2 {[%emt 0:01:53]} Qxe4+ {[%emt 0:00:02]} 18. Nf3 {[%emt 0:00:01]} Qxd5 {[%emt 0:00:20]} 19. Qxd5 {[%emt 0:00:18]} Nxd5 {[%emt 0:00:01]} 20. Rd1 {[%emt 0:00:27]} Nb4 {[%emt 0:00:09]} 21. a3 {[%emt 0:00:31]} Nc6 {[%emt 0:00:01]} 22. Bf4 {[%emt 0:00:08]} Kc7 {[%emt 0:00:01]} 23. Nc3 {[%emt 0:00:01]} a6 {[%emt 0:00:01]} 24. Ne4 {[%emt 0:00:06]} Be7 {[%emt 0:00:52]} 25. Nxd6 {[%emt 0:00:39]} 1-0

[Event "RUS-ch Men Rapid 2019"]
[Site "Sochi"]
[Date "2019.10.16"]
[Round "8.31"]
[White "Morozevich, Alexander"]
[Black "Dianov, Alexey"]
[Result "1-0"]
[WhiteElo "2659"]
[BlackElo "2158"]
[Annotator "TA"]
[PlyCount "51"]
[EventDate "2019.10.15"]
[EventType "swiss"]
[EventCountry "RUS"]
[SourceTitle "playchess.com"]
[Source "ChessBase"]
[SourceQuality "1"]

{[%evp 10,51,72,53,70,80,70,75,90,96,134,97,119,120,116,15,122,113,123,113,127,123,132,124,172,154,316,314,319,312,315,304,278,278,360,362,653,627,643,642,625,625,598,587]} 1. e4 d5 2. exd5 Qxd5 3. Nf3 Nf6 4. d4 Bg4 5. Be2 e6 6. h3 Bh5 {B01: Scandinavian Defence} 7. c4 (7. O-O Be7 8. c4 Qd8 9. Qb3 Qc8 10. Nc3 O-O 11. Be3 Nbd7 12. Rfd1 h6 13. Rac1 a6 14. a3 {1-0 (41) Anand,V (2764)-Duda,J (2729) Paris 2019}) 7... Qd8 8. Qb3 Qc8 {White is better.} 9. Nc3 c6 10. Be3 $146 ({Predecessor:} 10. Bf4 Be7 11. g4 Bg6 12. Ne5 Nfd7 13. Nxg6 hxg6 14. O-O-O Na6 {½-½ (40) Rausis,I (2520)-Konopka,M (2447) Havlickuv Brod 2008}) 10... Nbd7 11. g4 Bg6 12. O-O-O (12. Nh4 $16) 12... Qc7 {[#]} (12... a5 $11) 13. Nh4 $1 $16 Bd6 14. Nxg6 hxg6 15. Kb1 O-O-O 16. g5 Nh5 17. d5 exd5 $2 {[#]} (17... Kb8 $16 {is a better defense.}) 18. cxd5 $18 c5 19. Nb5 Qb6 20. a4 {[%cal Ba2a4,Ba4a5,Ba5b6,Bb6a7][%mdl 32]} Be5 21. Bd2 Kb8 22. a5 c4 $2 (22... Qa6 23. Rde1 f6) 23. axb6 {White is clearly winning.} cxb3 24. bxa7+ Ka8 25. Bxh5 Rxh5 26. f4 {Accuracy: White = 86%, Black = 20%.} 1-0

[Event "RUS-ch Men Rapid 2019"]
[Site "Sochi"]
[Date "2019.10.16"]
[Round "8.32"]
[White "Gubsky, Egor"]
[Black "Ulybin, Mikhail"]
[Result "0-1"]
[WhiteElo "2339"]
[BlackElo "2455"]
[Annotator "TA"]
[PlyCount "154"]
[EventDate "2019.10.15"]
[EventType "swiss"]
[EventCountry "RUS"]
[SourceTitle "playchess.com"]
[Source "ChessBase"]
[SourceQuality "1"]

{[%evp 18,154,37,29,47,10,16,9,36,27,75,15,17,-15,45,0,8,0,54,58,43,-125,-126,-116,-119,-170,-171,-164,-172,-164,-170,-206,-202,-227,-229,-299,-135,-136,-132,-145,-137,-128,-106,-97,-25,-25,-25,-29,-27,-50,-22,-27,-30,-36,-11,-11,-11,-56,-68,-86,-11,-11,-6,-6,-6,-11,0,-7,-8,-11,-10,-11,0,0,0,0,0,0,0,0,0,0,0,-7,-7,-9,-9,-16,-17,-126,-126,-633,-611,-579,-546,-538,-511,-400,-381,-1157,-1215,-1184,-1061,-962,-719,-1763,-1752,-1283,-1362,-1442,-1433,-12820,-8522,-12831,-12826,-12820,-12826,-5920,-2990,-12837,-12836,-12837,-12837,-2745,-1077,-721,-220,-220,-220,-220,-220,-220,-220,-220,-220,-220,0,0,0]} 1. d4 e6 2. c4 Nf6 3. Nf3 c5 4. d5 exd5 5. cxd5 d6 6. Nc3 g6 7. Bf4 a6 8. a4 Bg7 9. h3 O-O 10. e3 Re8 {A61: Modern Benoni: Nf3 without early e4} (10... Ne8 11. Be2 Nd7 12. a5 Qe7 13. O-O Ne5 14. Bxe5 Bxe5 15. Nxe5 Qxe5 16. Qd2 Bd7 17. f4 Qg7 18. Bc4 {½-½ (35) Lysyj,I (2596)-Indjic,A (2628) Mali Losinj 2019}) 11. Be2 Ne4 12. Ra3 Bf5 $146 (12... b6 {looks sharper.} 13. O-O Nd7 14. Nxe4 Rxe4 15. Bxd6 Rb4) ({Predecessor:} 12... g5 13. Bh2 f5 14. Nxe4 fxe4 15. Nd2 Qc7 16. Nc4 Bf8 17. a5 Nd7 18. Bg4 {½-½ (40) Pugachov,I (2120)-Grinev,V (2362) Novoyavorivsk 2013}) 13. O-O Nd7 14. Nxe4 (14. g4 $16 Nxc3 15. bxc3) 14... Bxe4 $11 15. Bxd6 Qb6 (15... Rc8 $11) 16. Bg3 Qxb2 17. Rb3 Bc2 (17... Qa2 $11) 18. Rxb2 $14 Bxd1 19. Ra2 $2 (19. Rxd1 $14 {is the one way to stay ahead.} Bxb2 20. Rb1) 19... Bb3 $17 20. Ra3 Bxd5 21. a5 (21. Rd1 $17 Nf6 22. Ne5) 21... c4 $19 22. Rd1 c3 $1 {[%cal Rc3c2] And now ...c2 would win.} 23. Ne1 Be6 $1 24. Bf3 Nc5 25. Bd6 Rac8 26. Rc1 Red8 (26... Nb3 $19 {and Black stays clearly on top.} 27. Rc2 Nd2) 27. Bxc5 $17 Rxc5 28. Bxb7 Bc4 29. Nf3 Rb8 30. Be4 Rb3 (30... f5 $17 31. Bc2 Bd5) 31. Rxb3 $11 Bxb3 32. Nd4 Ba4 33. Bc2 Bxc2 ({But not} 33... Rxa5 $6 34. Ra1 $11) 34. Rxc2 $15 {[%mdl 4096] Endgame KRB-KRN} Kf8 35. Kf1 Bxd4 36. exd4 {KR-KR} Rc4 37. Ke2 Rxd4 38. Rxc3 Rd5 ({Black should play} 38... Ra4 $1 $17) 39. Ra3 $1 $11 Ke7 40. Ke3 h5 41. Ke4 Kd6 42. g4 Rb5 43. Kf4 g5+ 44. Ke4 h4 45. Rf3 Ke6 46. Rf5 Rb4+ 47. Kf3 f6 48. Rc5 Kd6 49. Rf5 $1 {[%cal Rf5f6]} Ke6 50. Rc5 Rf4+ 51. Ke3 Kd6 52. Rc8 Ra4 53. f3 (53. Ra8 $1 $11) 53... Rxa5 54. Rf8 $2 {[%mdl 8192]} (54. Ra8 $17) 54... Ra3+ $19 55. Ke4 Ra4+ $1 56. Ke3 Ke6 $1 {[%cal Re6e5]} 57. Re8+ {[#]} Kd5 $1 58. Rd8+ $2 {[#]} (58. Rf8 Ra3+ 59. Kf2) 58... Kc5 $1 59. Rc8+ Kb5 60. Rb8+ Ka5 61. Rf8 Rf4 62. Rb8 Ka4 63. Rb1 a5 64. Ra1+ Kb4 65. Rb1+ Kc3 66. Rc1+ Kb2 67. Rc6 a4 68. Rb6+ Kc3 69. Rc6+ Kb3 70. Rb6+ Ka2 (70... Rb4 $142 71. Rd6 a3 72. Rd3+ Kb2 73. Rd2+ Kc1) 71. Rb8 a3 $2 (71... Ka3 72. Rb6 Rb4) 72. Rb6 Ka1 73. Ke2 a2 74. Ke3 Ra4 {Strongly threatening ...Ra3+.} 75. Kd2 Ra3 76. Kc2 {White threatens Re6 and mate.} Rxf3 $2 ({Black should try} 76... Ra5 $19 {...Re5 is the strong threat.} 77. Rb3 Rc5+ 78. Kd2 Ra5) 77. Re6 $11 {[%cal Re6e1]} Rf2+ {[%mdl 32768] Accuracy: White = 43%, Black = 50%. . Loss on time!?} 0-1

[Event "RUS-ch Men Rapid 2019"]
[Site "Sochi"]
[Date "2019.10.16"]
[Round "9.2"]
[White "Oganian, Miran"]
[Black "Timofeev, Artyom"]
[Result "1-0"]
[WhiteElo "2436"]
[BlackElo "2595"]
[Annotator "TA"]
[PlyCount "105"]
[EventDate "2019.10.15"]
[EventType "swiss"]
[EventCountry "RUS"]
[SourceTitle "playchess.com"]
[Source "ChessBase"]
[SourceQuality "1"]

{[%evp 9,105,45,45,48,50,43,44,43,44,36,35,18,68,58,66,60,66,65,58,58,52,0,50,26,52,27,28,17,33,27,0,-1,46,7,77,49,47,42,66,65,65,74,95,95,109,106,125,127,135,160,422,410,430,415,427,422,553,553,553,545,619,606,614,610,768,570,577,566,536,661,665,669,638,651,671,671,666,664,654,636,747,705,687,665,1310,1309,29991,29992,29998,0,1087,1084,790,572,568,571,980,653]} 1. d4 Nf6 2. c4 g6 3. Nc3 d5 4. Bg5 c6 5. Bxf6 exf6 6. cxd5 {D80: Grünfeld: Unusual White 4th moves and 4 Bg5} cxd5 7. Qb3 Nc6 8. e3 {White is slightly better.} Bb4 9. Bd3 (9. Nge2 O-O 10. a3 Qa5 11. Rc1 Bxc3+ 12. Nxc3 Rd8 {1-0 (53) Martinovic,S (2554)-Deris,A (1993) Zagreb 2018}) 9... O-O 10. Nge2 Qd6 11. O-O Rd8 $146 ({Predecessor:} 11... Be6 12. a3 Ba5 {0-1 (45) Usoltseva,P-Kalinin,A Odessa 2007}) 12. Rfc1 Bg4 13. a3 Ba5 14. Nb5 ({Wrong is} 14. Qxb7 $2 Rab8 $19) 14... Qb8 15. Nbc3 {[%cal Bb5c3,Bc3a4,Ba4c5][%mdl 32]} Qd6 16. Na4 ({Don't go for} 16. Qxb7 $2 Rab8 $19) 16... Bc7 17. Ng3 (17. g3 {is more complex.} Rab8 18. Nc5 h5 19. Rc3 Qe7 20. Nxb7 Na5 21. Qb4) 17... Rab8 18. Nc5 Qe7 19. Qa4 Bd6 20. b4 Rdc8 21. Rc2 Bd7 (21... f5 $11) 22. Nxd7 Qxd7 23. Rac1 f5 24. Ne2 a6 25. g3 Ra8 26. Qb3 Qe6 27. Nc3 f4 28. Nxd5 fxe3 29. fxe3 Rd8 $2 (29... Bf8 $16 30. Rf1 Kh8) 30. Rf1 $18 Kh8 31. Rf6 Qe8 32. Rcf2 Ne7 {[#] With the idea ...Nxd5.} 33. Rxd6 $1 {[%mdl 576] Remove Defender} Rxd6 34. Nc7 $1 {[%csl LRa8,LRe8,LRf7][%mdl 64] Double Attack} Qd8 35. Nxa8 Qxa8 36. Qxf7 Qd8 37. Bc4 Nf5 38. Qxb7 Rd7 39. Qe4 Re7 40. Be6 Ng7 41. d5 Nxe6 42. dxe6 {[%mdl 4096] Endgame KQR-KQR} Kg8 43. Kg2 Qc8 44. Rf6 Kg7 45. Qe5 {White threatens Rf7+! and mate.} Kg8 46. Qd6 Qb7+ 47. Kh3 {White wants to mate with Qd8+.} Kg7 48. Qe5 Kg8 {[#]} 49. Qd6 $2 (49. Rf8+ $1 {[%mdl 512] mates} Kxf8 50. Qh8#) 49... Qc7 $2 {[%mdl 8192]} (49... Kg7 $11 50. Qe5 Qb5 51. Rf7+ {[%mdl 64] Double Attack} Kh6 52. Qg7+ Kg5 53. Qf6+ {[%mdl 64] Double Attack} Kh6 54. g4 Rxf7) 50. Qxc7 {White is clearly winning.} Rxc7 {[#]} 51. e7 $1 Rxe7 52. Rxa6 Rxe3 53. b5 {Accuracy: White = 68%, Black = 36%.} 1-0

[Event "RUS-ch Men Rapid 2019"]
[Site "Sochi"]
[Date "2019.10.16"]
[Round "9.3"]
[White "Rozum, Ivan"]
[Black "Musalov, Ruslan"]
[Result "1/2-1/2"]
[WhiteElo "2599"]
[BlackElo "2348"]
[Annotator "ChessBase"]
[PlyCount "84"]
[EventDate "2019.10.15"]
[EventType "swiss"]
[EventCountry "RUS"]
[SourceTitle "playchess.com"]
[Source "ChessBase"]
[SourceQuality "1"]
[TimeControl "900+10"]

1. c4 {[%emt 0:00:00]} c5 {[%emt 0:00:00]} 2. Nf3 {[%emt 0:00:04]} Nf6 {[%emt 0:00:00]} 3. Nc3 {[%emt 0:00:07]} Nc6 {[%emt 0:00:00]} 4. e3 {[%emt 0:00:03]} e6 {[%emt 0:01:13]} 5. d4 {[%emt 0:00:04]} d5 {[%emt 0:00:04]} 6. cxd5 {[%emt 0:00:03]} exd5 {[%emt 0:00:16]} 7. Bb5 {[%emt 0:00:02]} Be7 {[%emt 0:01:14]} 8. O-O {[%emt 0:00:06]} O-O {[%emt 0:00:06]} 9. dxc5 {[%emt 0:00:09]} Bxc5 {[%emt 0:00:03]} 10. b3 {[%emt 0:00:02]} a6 {[%emt 0:02:11]} 11. Bxc6 {[%emt 0:00:05]} bxc6 {[%emt 0:00:01]} 12. Bb2 {[%emt 0:00:01]} Bg4 {[%emt 0:00:28]} 13. Ne2 {[%emt 0:00:05]} Bxf3 {[%emt 0:05:12]} 14. gxf3 {[%emt 0:00:02]} Nd7 {[%emt 0:00:10]} 15. Ng3 {[%emt 0:00:10]} Be7 {[%emt 0:01:23]} 16. Rc1 {[%emt 0:00:08]} Rc8 {[%emt 0:00:33]} 17. Qe2 {[%emt 0:01:55]} a5 {[%emt 0:00:02]} 18. Nf5 {[%emt 0:01:08]} Bf6 {[%emt 0:00:55]} 19. Ba3 {[%emt 0:00:02]} c5 {[%emt 0:01:09]} 20. Rfd1 {[%emt 0:00:13]} d4 {[%emt 0:00:02]} 21. exd4 {[%emt 0:00:14]} Re8 {[%emt 0:00:54]} 22. Qd3 {[%emt 0:04:11]} Bxd4 {[%emt 0:01:01]} 23. Nxd4 {[%emt 0:00:21]} Ne5 {[%emt 0:01:08]} 24. Qf5 {[%emt 0:01:10]} cxd4 {[%emt 0:00:02]} 25. Rxc8 {[%emt 0:01:19]} Qxc8 {[%emt 0:00:02]} 26. Qxc8 {[%emt 0:00:01]} Rxc8 {[%emt 0:00:02]} 27. Kg2 {[%emt 0:00:17]} Rd8 {[%emt 0:00:38]} 28. Bc5 {[%emt 0:00:37]} Nc6 {[%emt 0:00:16]} 29. Rc1 {[%emt 0:00:47]} h6 {[%emt 0:00:08]} 30. Bb6 {[%emt 0:00:16]} Rd6 {[%emt 0:00:03]} 31. Bc7 {[%emt 0:00:03]} Rg6+ {[%emt 0:00:13]} 32. Kf1 {[%emt 0:00:01]} Kf8 {[%emt 0:00:06]} 33. Ke2 {[%emt 0:00:09]} Ke8 {[%emt 0:00:07]} 34. Rc5 {[%emt 0:00:16]} Re6+ {[%emt 0:00:27]} 35. Kd2 {[%emt 0:00:06]} Kd7 {[%emt 0:00:06]} 36. Bxa5 {[%emt 0:00:09]} Kd6 {[%emt 0:00:02]} 37. b4 {[%emt 0:00:58]} Rf6 {[%emt 0:00:06]} 38. Ke2 {[%emt 0:01:06]} d3+ {[%emt 0:00:06]} 39. Ke3 {[%emt 0:00:29]} d2 {[%emt 0:00:04]} 40. Kxd2 {[%emt 0:00:03]} Rxf3 {[%emt 0:00:02]} 41. Ke2 {[%emt 0:01:29]} Ra3 {[%emt 0:00:05]} 42. Kf1 {[%emt 0:00:07]} Rxa2 {[%emt 0:00:09]} 1/2-1/2